|
|
|
|
| LEADER |
00000nam a2200000 a 4500 |
| 001 |
vtls001429600 |
| 003 |
SK-MaSNL |
| 005 |
20260301120857.0 |
| 008 |
240318s1974 xx 0 und |
| 035 |
|
|
|a SNK000384611
|
| 040 |
|
|
|a SNK
|b slo
|c SNK
|e AACR2
|
| 100 |
1 |
|
|a Rybakov, Anatolij Naumovič,
|d 1911-1998
|4 aut
|9 211527
|
| 245 |
1 |
0 |
|a Neznámy vojak
|
| 260 |
|
|
|a Smena
|b Mladá fronta
|c 1974
|
| 300 |
|
|
|a 190 s.
|
| 958 |
|
|
|a OND
|
| 999 |
|
|
|c 727404
|d 729334
|
| 952 |
|
|
|a SNK
|b SNK
|y PREZ
|7 0
|p 17A0973663
|o snkSC 33613
|0 0
|1 0
|4 0
|d 2012-09-27
|l 0
|r 2025-09-30 00:00:00
|w 2026-02-23
|
| 952 |
|
|
|t P60, <05>, [BOOK], {605}
|a SNK
|b SNK
|y PREZ
|7 0
|p 17A0333902
|o snkSC 33613 D1
|0 0
|1 0
|4 0
|d 2002-02-20
|l 0
|r 2005-01-02 00:00:00
|w 2026-02-23
|